Παγκόσμια πολιτική οικονομία: η διεθνής οικονομική τάξη

Αποθηκεύτηκε σε:
Λεπτομέρειες βιβλιογραφικής εγγραφής
Κύριος συγγραφέας: Gilpin, Robert
Άλλοι συγγραφείς: Στροίκου, Ηράκλεια (trlf), Μαστρογιάννης, Τάσος (Επιμελητής έκδοσης), Κουσκουβέλης, Ηλίας Ι. (Επιμελητής έκδοσης)
Μορφή: Βιβλίο
Γλώσσα:Greek
English
Δημοσίευση: Αθήνα : Ποιότητα, 2003.
Σειρά:Βιβλιοθήκη πολιτικής οικονομίας των διεθνών σχέσεων ; 2
Θέματα:
Ετικέτες: Προσθήκη ετικέτας
Δεν υπάρχουν, Καταχωρήστε ετικέτα πρώτοι!

MARC

LEADER 00000cam a2200000 i 4500
001 1/46401
008 040112s2003 gr | ||| |||| ||gre||
020 |a 960780323X 
020 |a 9789607803238 
035 |l 10071892 
040 |a GR-MyUa   |b gre   |e AACR2  
041 1 |a gre  |h eng 
082 7 |a 337   |2 (22)  
100 1 |a Gilpin, Robert. 
245 1 0 |a Παγκόσμια πολιτική οικονομία:   |b η διεθνής οικονομική τάξη /   |c Robert Gilpin ; μετάφραση: Ηρακλεία Στροίκου ; επιστημονική επιμέλεια: Ηλίας Κουσκουβέλης,Τάσος Μαστρογιάννης.  
260 |a Αθήνα :   |b Ποιότητα,   |c 2003.  
300 |a 525 σ. ;   |c 23 εκ.  
490 1 |a (Βιβλιοθήκη πολιτικής οικονομίας των διεθνών σχέσεων ;  |v 2)  
500 |a To δεύτερο και τρίτο αντίτυπο του παραρτήματος Ρόδου είναι η όγδοη έκδοση του 2009. 
500 |a Τίτλος πρωτοτύπου: Global political economy.  
504 |a Περιέχει βιβλιογραφικές παραπομπές και ευρετήριο.  
650 0 0 |a International economic relations. 
650 0 0 |a Free trade. 
650 0 0 |a International finance. 
650 0 0 |a Technological innovations  |x Economic aspects. 
650 0 0 |a Economic development. 
700 1 |a Στροίκου, Ηράκλεια,  |e trlf 
700 1 |a Μαστρογιάννης, Τάσος,  |e edt 
700 1 |a Κουσκουβέλης, Ηλίας Ι.  |e edt 
830 0 |a Βιβλιοθήκη πολιτικής οικονομίας των διεθνών σχέσεων ;  |v 2 
852 |a INST  |b RHODES  |e 20040112  |h 337 GIL  |p 005400019882  |q 005400019882  |t BK  |y 0 
852 |a INST  |b RHODES  |c EUDOXUS  |e 20120328  |h 337 GIL  |p 005400034246  |q 005400034246  |t EDX  |y 0 
852 |a INST  |b RHODES  |c EUDOXUS  |e 20140211  |h 337 GIL  |p 005400036157  |q 005400036157  |t EDX  |y 0 
901 |a BIBL4-2004-1 
901 |a BIBL4-2012-1 
901 |a BIBL4-2014-1 
920 |a ΕΥΔΟΞΟΣ  |b ΕΠΙΣΤΡΟΦΗ  |y Ρόδος  |z 2012-03 
920 |a ΕΥΔΟΞΟΣ  |b ΠΑΡΑΓΓΕΛΙΑ  |y Ρόδος-ΤΜΣ  |z 2013-12 
922 |a 4ΕΛΗ  |b 200311  |c ΕΠΕΑΕΚ2/ΤΜΣ  |d ΜΙΧΑΛΟΠΟΥΛΟΣ 
950 |a 124-2003-10-08 
970 |a Κουλακιότη  |b Λίτσα   |z 2004/01/19